00408nam a22001211 450008200150000010000240001524500340003925000270007326000620010030000440016250000400020665000400024600a541.36 FIN1 aFindlay, Alexander,10aPractical physical chemistry, a7th ed., rev. and enl. aLondon,aNew York [etc.]bLongmans, Green and co.c[1941] ax, 335 p. incl. illus., tables, diagrs. a"First edition ... November, 1906." 0aChemistry, Physical and theoretical